000 02237cam a2200349 i 4500
001 17946680
003 USPCAS-E
005 20180118181417.0
008 131119s2014 njua b 001 0 eng
010 _a 2013046037
020 _a9781118720929 (hardback)
040 _aDLC
_beng
_cDLC
_erda
_dDLC
042 _apcc
050 0 0 _aTJ828
_b.L53 2014
082 0 0 _a621.312136
_223
_bLYA-W 2014
084 _aSCI024000
_2bisacsh
100 1 _aLi︠a︡tkher, V. M.
_q(Viktor Mikhaĭlovich)
_eauthor.
245 1 0 _aWind power :
_bturbine design, selection, and optimization /
_cVictor Lyatkher.
260 _aNew Jersey:
_bWiley,
_c2014.
300 _avii, 311 pages :
_billustrations ;
_c25 cm
502 _a.
504 _aIncludes bibliographical references and indexes.
520 _a"Wind power is the most mature technology of the major sources of renewable energy that have been developed, and more efficient and cost-effective techologies and materials are constantly being sought for turbines and the equipment used on them. Here is a comprehensive and thorough review of the engineering pros and cons for using different kinds of wind turbines in different areas, including offshore. With a full technical knowledge, engineers, managers, and other decision-makers in the wind energy industry can make more informed decisions about increasing capacity, cost-efficiency, and longevity. Covering the various types of wind turbines available, such as new collinear windmills, orthogonal turbines, and others, this highly technical treatment of wind turbines offers engineers, students, and researchers insight into the practical applications of these turbines and their potential for maximum efficiency. "--
650 0 _aWind turbines.
650 0 _aWind power.
650 7 _aSCIENCE / Energy.
_2bisacsh
776 0 8 _iOnline version:
_aLi︠a︡tkher, V. M. (Viktor Mikhaĭlovich) author.
_tWind power
_dHoboken, New Jersey : John Wiley & Sons, [2014]
_z9781118721117
_w(DLC) 2013046558
856 4 2 _3Cover image
_uhttp://catalogimages.wiley.com/images/db/jimages/9781118720929.jpg
906 _a7
_bcbc
_corignew
_d1
_eecip
_f20
_gy-gencatlg
942 _2ddc
_cBK
999 _c355895
_d355895